Rozpoznaj miasto po tablicy rejestracyjnej - wielkopolskie - Statystyki

Ogólne statystyki
  • Ten quiz został rozwiązany 286 razy
  • Średni wynik to 17 z 33
Statystyki odpowiedzi
Rejestracja Miasto/powiat Odpowiedź % Poprawnych
PO Miasto Poznań
100%
PK Miasto Kalisz
79%
PL Miasto Leszno
79%
PN Miasto Konin
61%
PGN powiat gnieźnieński
60%
PKA powiat kaliski
60%
PP powiat pilski
59%
POB powiat obornicki
58%
PZ powiat poznański
58%
PGS powiat gostyński
56%
PTU powiat turecki
55%
PLE powiat leszczyński
54%
POS powiat ostrowski
53%
PRA powiat rawicki
53%
PCH powiat chodzieski
51%
PSZ powiat szamotulski
51%
PZL powiat złotowski
51%
PNT powiat nowotomyski
49%
PPL powiat pleszewski
49%
PSR powiat średzki
49%
PKS powiat kościański
47%
PSE powiat śremski
47%
PKR powiat krotoszyński
46%
PWR powiat wrzesiński
45%
PKL powiat kolski
44%
PMI powiat międzychodzki
44%
PKE powiat kępiński
43%
PWL powiat wolsztyński
43%
PCT powiat czarnkowsko-trzcianecki
41%
PSL powiat słupecki
40%
PWA powiat wągrowiecki
39%
PGO powiat grodziski
38%
POT powiat ostrzeszowski
36%
Nie znaleziono quizów pasujących do podanych kryteriów
Rozkład punktacji
Procent ludzi z każdym wynikiem
Percentyl według liczby udzielonych odpowiedzi
Twoja historia wyników
Nie rozwiązałeś tego quizu